Statistiques concernant Trouvez l'acteur ou l'actrice...

Cliquez ici pour prendre le quiz!

Statistiques générales

  • Ce quiz a été pris 272 fois
  • Le résultat moyen est 8 sur 15

Statistiques - réponses

Films et sériesActeur / Actrice% Correct
Grease - La fièvre du samedi soir - Pulp FictionJohn Travolta
88%
Braveheart - Le monde ne suffit pas - La boumSophie Marceau
83%
Mission Impossible - Le grand bleu - Les visiteursJean Reno
81%
Un long dimanche de fiançailles - Les poupées russes - Le fabuleux destin d'Amélie PoulainAudrey Tautou
73%
Le cerveau - Le jour le plus long - La grande vadrouilleBourvil
69%
Turner et Hooch - Le terminal - Il faut sauver le soldat RyanTom Hanks
68%
8 femmes - Les demoiselles de Rochefort - Les parapluies de CherbourgCatherine Deneuve
65%
Friends - Coup de foudre à Notting Hill - Le mariage de mon meilleur amiJulia Roberts
54%
Clair de lune - La mort vous va si bien - IncassableBruce Willis
47%
Twilight - Mr Robot - Bohemian RhapsodyRami Malek
46%
Vivre et laisser mourir - Amicalement vôtre - Le SaintRoger Moore
44%
Taxi driver - Panic room - Anna et le roiJodie Foster
39%
Sister act - Downton Abbey - Harry Potter à l'école des sorciersMaggie Smith
33%
Les sept mercenaires - La grande évasion - Le kid de CincinnatiSteve McQueen
29%
Top gun - La cité des anges - Vous avez un mess@geMeg Ryan
25%

Distribution des résultats

Percentile par nombre de réponses

% des personnes avec chaque résultat

Votre développement - résultats

Vous n’avez pas pris ce quiz